Starting riding / (Record no. 7043)

MARC details
000 -LEADER
fixed length control field 01191nam a22003257a 4500
001 - CONTROL NUMBER
control field 7043
003 - CONTROL NUMBER IDENTIFIER
control field FISKH
005 - DATE AND TIME OF LATEST TRANSACTION
control field 20250619105355.0
008 - FIXED-LENGTH DATA ELEMENTS--GENERAL INFORMATION
fixed length control field 250619b cb ||||| |||| 00| 0 eng d
020 ## - INTERNATIONAL STANDARD BOOK NUMBER
International Standard Book Number 9780746031131
040 ## - CATALOGING SOURCE
Original cataloging agency FISKH
Language of cataloging eng
Transcribing agency FISKH
Modifying agency FISKH
050 ## - LIBRARY OF CONGRESS CALL NUMBER
Classification number SF309.2 .E36
082 ## - DEWEY DECIMAL CLASSIFICATION NUMBER
Classification number 798.23
100 ## - MAIN ENTRY--PERSONAL NAME
Personal name Edom, Helen
245 ## - TITLE STATEMENT
Title Starting riding /
Statement of responsibility, etc. By Helen Edom and Lesley Sims
250 ## - EDITION STATEMENT
Edition statement First published in America in 1992
260 ## - PUBLICATION, DISTRIBUTION, ETC.
Place of publication, distribution, etc. London :
Name of publisher, distributor, etc. Usborne Publishing Ltd,
Date of publication, distribution, etc. 1998.
300 ## - PHYSICAL DESCRIPTION
Extent 32 pages :
Other physical details color illustrations ;
Dimensions 24 cm .
490 ## - SERIES STATEMENT
Series statement Usborne First Skills
505 ## - FORMATTED CONTENTS NOTE
Formatted contents note P <br/>
520 ## - SUMMARY, ETC.
Summary, etc. Revised to include Internet links, this book covers everything a beginner needs to know. It explains how to get on and off a pony, start and stop, canter and even jump. There is also advice on how to care for a pony, including grooming, and the procedure of tacking up.<br/>
521 8# - TARGET AUDIENCE NOTE
Target audience note 650 <br/>
Source Lexile <br/>
521 8# - TARGET AUDIENCE NOTE
Target audience note P <br/>
Source Raz-Plus <br/>
650 ## - SUBJECT ADDED ENTRY--TOPICAL TERM
Topical term or geographic name entry element Horse riding
Form subdivision Non-fiction
650 ## - SUBJECT ADDED ENTRY--TOPICAL TERM
Topical term or geographic name entry element Home school
Form subdivision Non-fiction
700 ## - ADDED ENTRY--PERSONAL NAME
Personal name Young, Norman
Relator term Illustrator
700 ## - ADDED ENTRY--PERSONAL NAME
Personal name Pedley, Joe
Relator term Designer
942 ## - ADDED ENTRY ELEMENTS (KOHA)
Source of classification or shelving scheme Dewey Decimal Classification
Koha item type Books
Suppress in OPAC No
Holdings
Withdrawn status Lost status Source of classification or shelving scheme Damaged status Not for loan Collection Home library Current library Shelving location Date acquired Total Checkouts Full call number Barcode Date last seen Price effective from Koha item type
    Dewey Decimal Classification     Non-Fiction Footprints International School Library Network Toul Tom Poung Campus Footprints International School Library Network Toul Tom Poung Campus TTP Primary Orange Bookshelves 06/19/2025   EDO 798.23 SF309.2 .E36 FIS01364 06/19/2025 06/19/2025 Books